| 000 | 00517cam a2200205ua 4500 | ||
|---|---|---|---|
| 001 | 6824 | ||
| 008 | 140219n ii |||gr||||Z||||||eng | ||
| 040 | _cMAIN | ||
| 082 | _a336.24 | ||
| 245 |
_aElements of Income-Tax _cBy Rup Ram Gupta |
||
| 250 | _a20th ed. | ||
| 260 |
_aAgra: _bMira Prakashan, _c1971. |
||
| 300 | _ax,308p. | ||
| 653 | _aPublic finance | ||
| 653 | _aElements of Income-Tax | ||
| 653 | _aCommerce | ||
| 700 |
_aGupta,Rup Ram, _eAuthor., |
||
| 700 |
_aGupta,Vishnu Saran, _eAuthor. |
||
| 942 | _cBK | ||
| 999 |
_c5972 _d5972 |
||